| 000 | 01096nam a2200217 i 4500 | ||
|---|---|---|---|
| 001 | 164783 | ||
| 003 | ES-MaACL | ||
| 005 | 20250925063047.0 | ||
| 008 | 010213s1890 sp |||| | spa d | ||
| 040 |
_aCAM _bspa _cCAM |
||
| 100 | 1 |
_aSanz y Escartín, Eduardo, _d1855-1939 _9103695 |
|
| 245 | 1 | 3 |
_aLa cuestión económica _b: nuevas doctrinas, socialismo de estado, crisis agrícola, protección arancelaria / _cpor Eduardo Sanz y Escartín. |
| 260 |
_aMadrid : _b[s.n.], _c1890 ( _fimprenta de Antonio Pérez Dubrull) |
||
| 300 |
_a319 p. ; _c22 cm. |
||
| 505 | 8 | _aContiene: "Dictamen del Círculo de la Unión Mercantil en contestación á los interrogatorios formulados por la Comisión para el estudio de la Reforma Arancelaria y los tratados de Comercio conteniendo además los informes redactados por varios gremios de Madrid" | |
| 650 | 0 | 7 |
_aEconomía _2embne _912006 |
| 710 | 2 |
_aCírculo de la Unión Mercantil (Madrid) _9134324 |
|
| 852 |
_aES-MaACL _jB-13607 _z-- Enc. pasta española |
||
| 852 |
_aES-MaACL _jF-12941 _z-- Enc. pasta española |
||
| 999 |
_c164783 _d164783 |
||